| 000 | 00000nas##2200000za#4500 |
| 001 | 9.509599 |
| 003 | CaOODSP |
| 005 | 20200325104150 |
| 007 | ta |
| 008 | 150406c1987||||xxc|| m #||||f| |0fre|d |
| 022 | |a0706-148X |
| 040 | |aCaOODSP|bfre |
| 041 | |aeng |
| 041 | |afre |
| 043 | |an-cn--- |
| 086 | 1 |aS52-2 |
| 110 | 1 |aCanada.|bTravaux publics et Services gouvernementaux Canada.|bBureau de la traduction. |
| 245 | 10|aBulletin de terminologie |
| 260 | |aOttawa - Ontario : |bTravaux publics et Services gouvernementaux Canada. |c1977--. |
| 310 | |aIrrégulier |
| 362 | 1 |a[N°] 158-- |
| 500 | |aDonnées de catalogage avant publication (Canada) imprimées dans ces publications. |
| 776 | 0#|tTerminology bulletin / |w(CaOODSP)9.500139 |
| 791 | |tTerminology bulletin |eeng|w(CaOODSP)9.509598 |